The Rivers of Punjab - Statistics

General Stats
  • This quiz has been taken 44 times
  • The average score is 6 of 18
Answer Stats
Hint Answer % Correct
Beas
76%
Modern name Indus
76%
Ravi
76%
Sutlej
76%
Chenab
68%
Jhelum
60%
Vedic Sanskrit Sindhu
32%
Hydaspes
16%
Irawati
16%
Akesines
8%
Hydraotes
8%
Hyphasis
8%
Ancient Greek Indos
8%
Zaradros
8%
Asikni
4%
Shatadri
4%
Vipasa
4%
Vitasta
4%
No matching quizzes found
Score Distribution
Percent of People with Each Score
Percentile by Number Answered
Your Score History
You have not taken this quiz